000
00310nam a2200145Ia 4500
100
_a
Kumbhojkar / G.V
942
_c
BK
654
_a
mathematics
245
_a
Engineering mathematics 3
260
_b
C.Jamnadas&co.
_a
Bombay
_c
1992
082
_a
510
_b
KUM
300
_a
316
546
_a
ENGLISH
999
_c
20964
_d
20964